000 00268nam a22001097a 4500
082 _a553.28 PET'B
100 _aBLAND, W.F,DAVIDSON, R.L
_976098
245 _aPETROLEUM PROCESSING HANDBOOK
260 _aNEWYORK
_bMCGRAW HILL
_c1967
300 _aXI, 1446P
942 _cBK
999 _c581524
_d581524